UEFA Champions League Winner per year - Statistics

General Stats
  • This quiz has been taken 287 times
    232 since last reset
  • The average score is 47 of 70
Answer Stats
Year Champions % Correct
2025 Paris Saint-Germain
98%
2023 Manchester City
97%
2024 Real Madrid
97%
2022 Real Madrid
97%
2015 Barcelona
95%
2021 Chelsea
95%
2018 Real Madrid
95%
2017 Real Madrid
95%
2020 Bayern München
94%
2019 Liverpool
94%
2016 Real Madrid
94%
2014 Real Madrid
93%
2013 Bayern München
91%
2012 Chelsea
90%
2010 Inter Milan
90%
2008 Manchester United
90%
2011 Barcelona
89%
2009 Barcelona
89%
2007 AC Milan
86%
2006 Barcelona
84%
2005 Liverpool
84%
2004 Porto
83%
2003 AC Milan
79%
2002 Real Madrid
78%
2000 Real Madrid
77%
2001 Bayern Müchen
73%
1999 Manchester United
73%
1998 Real Madrid
73%
1997 Borussia Dortmund
68%
1996 Juventus
67%
1958 Real Madrid
64%
1957 Real Madrid
64%
1960 Real Madrid
63%
1959 Real Madrid
63%
1956 Real Madrid
63%
1994 AC Milan
61%
1992 Barcelona
61%
1993 Olympique de Marseille
61%
1990 AC Milan
58%
1995 Ajax Amsterdam
57%
1989 AC Milan
55%
1961 Benfica
55%
1991 Red Star Belgrade
54%
1973 Ajax Amsterdam
53%
1972 Ajax Amsterdam
53%
1971 Ajax Amsterdam
53%
1962 Benfica
53%
1982 Aston Villa
52%
1976 Bayern München
52%
1974 Bayern München
52%
1980 Nottingham Forrest
52%
1975 Bayern München
51%
1979 Nottingham Forrest
51%
1966 Real Madrid
51%
1963 AC Milan
50%
1983 Hamburg
50%
1985 Juventus
50%
1981 Liverpool
49%
1988 PSV Eindhoven
49%
1967 Celtic
48%
1965 Inter Milan
48%
1964 Inter Milan
48%
1984 Liverpool
48%
1978 Liverpool
48%
1969 AC Milan
46%
1977 Liverpool
46%
1968 Manchester United
46%
1970 Feyenoord
45%
1986 Steaua Bucureşti
45%
1987 Porto
43%
No matching quizzes found
Score Distribution
Percent of People with Each Score
Percentile by Number Answered
Your Score History
You have not taken this quiz since the last reset